LEADER 01788nam a2200277 i 4500 001 000000364712 003 CaOOAMICUS 005 20251016101413.0 008 251016s2025 it a u100 u ita u 020 $a978-88-6809-463-8 040 $aSeMil$bita 111 2 $aConvegno storico internazionale$n<61. ;$d2024 ;$cTodi>.$0(OLS)http://semarc/name/122944 245 10$aNostra madre Terra :$bnatura, ambiente, fonti energetiche e materie prime nel Basso Medioevo : atti del 61. Convegno storico internazionale, Todi, 13-15 ottobre 2024. 264 1$aSpoleto :$bFondazione Centro italiano di studi sull'Alto Medioevo,$c2025. 300 $aXI, 327 p., XVIII p. di tav. :$bill. ;$c24 cm 490 1 $aAtti dei convegni del Centro italiano di studi sul Basso Medioevo - Accademia Tudertina. Nuova serie ;$v38 650 04$aAmbiente naturale - Storia - Medioevo.$0(OLS)http://semarc/subject/58583 650 4$aRisorse naturali - Storia - Medioevo.$0(OLS)http://semarc/subject/58711 710 2 $aCentro italiano di studi sul Basso Medioevo. Accademia Tudertina.$0(OLS)http://semarc/name/7292 830 0$aAtti dei convegni del Centro italiano di studi sul Basso Medioevo - Accademia Tudertina. Nuova serie ;$v38.$0(OLS)http://semarc/title/19062 850 $aSeMil 852 $aSeMil$W1$xVenegono$y1$m3TA E 38$j263331$B255564$CSeMilBibl$Z2$F255564 $81 996 $6020$a978-88-6809-463-8$9(OLS)http://semarc/number/304337 996 $6245$aNostra madre Terra :$bnatura, ambiente, fonti energetiche e materie prime nel Basso Medioevo : atti del 61. Convegno storico internazionale, Todi, 13-15 ottobre 2024$9(OLS)http://semarc/title/456172 996 $6264$aSpoleto :$bFondazione Centro italiano di studi sull'Alto Medioevo$9(OLS)http://semarc/publisher/33034 LEADER 01066nam a2200253 i 4500 001 000000347607 003 CaOOAMICUS 005 20210902134842.0 008 210902s2016 it u000 u ita u 013 $a229879 040 $aSeMil$bita 240 10$aCatechesi Comunità.$0(OLS)http://semarc/title/353105 245 10$aTestimoni di luce :$bmadre Elvira racconta la storia della Comunità /$cComunità Cenacolo. 260 $a[S.l. :$bs.n.],$c[2016?] 300 $a1 CD ;$c13 cm. 541 0 $aOmaggio mons. Mario Delpini (MM A 110) 650 4$aComunità Cenacolo - Spiritualità.$0(OLS)http://semarc/subject/42427 700 1 $aComunità Cenacolo .$0(OLS)http://semarc/name/83479 850 $aSeMil 852 $aSeMil$W1$xVenegono$y1$mMM A 110$j224796$B235759$CSeMilBibl$Z2$F235759 $8I 961 $aOmaggio mons. Mario Delpini 996 $6245$aTestimoni di luce :$bmadre Elvira racconta la storia della Comunità$9(OLS)http://semarc/title/353104 996 $6260$a[S.l. :$bs.n.]$9(OLS)http://semarc/publisher/29751